Šlifovanie fasonnych detalej /
Salvato in:
| Autore principale: | |
|---|---|
| Natura: | Libro |
| Lingua: | russo |
| Pubblicazione: |
Moskva :
Profizdat,
1956
|
| Tags: |
Nessun Tag, puoi essere il primo ad aggiungerne!!
|
MARC
| LEADER | 00000nam a22000003a 4500 | ||
|---|---|---|---|
| 001 | stu36347 | ||
| 005 | 20150617225726.3 | ||
| 008 | 920602s1956----xxr-----------------rus-d | ||
| 040 | |a STU |b slo | ||
| 041 | 0 | |a rus | |
| 044 | |a xxr | ||
| 100 | 1 | |a Gamr, František |4 aut | |
| 245 | 1 | |a Šlifovanie fasonnych detalej / |c [aut.]František Gamr | |
| 260 | |a Moskva : |b Profizdat, |c 1956 | ||
| 300 | |a 164 s | ||
| 996 | |b 284M020041 |c M*3683-1 |l MMKN |s A |a 24 |w stu36347_0001 | ||